[Event "Asia-ch (Women) 10th"]
[Site "Calicut"]
[Date "2003.08.25"]
[Round "9"]
[White "Priya Panneer, Ramachandran"]
[Black "Lakshmi, Priya TT"]
[Result "1-0"]
[WhiteElo "2091"]
[BlackElo "2005"]
[PlyCount "94"]
[EventDate "2003.08.17"]
[EventType "swiss"]
[EventRounds "9"]
[EventCountry "IND"]
[SourceTitle "CBM 095 Extra"]
[Source "ChessBase"]
[SourceDate "2003.09.04"]
[SourceVersion "1"]
[SourceVersionDate "2003.09.04"]
[SourceQuality "1"]

1. e4 c5 2. c3 d5 3. exd5 Qxd5 4. d4 e6 5. Nf3 Nf6 6. Be2 Be7 7. 0-0 Nc6 8. c4 Qd6 9. dxc5 Qxc5 10. Nc3 0-0 11. Be3 Qa5 12. a3 Rd8 13. Qc2 Qc7 14. Nb5 Qb8 15. h3 Bd7 16. Rfd1 a6 17. Nc3 Ne5 18. Bb6 Rc8 19. b3 Bc5 20. Bxc5 Rxc5 21. Nd4 Ng6 22. b4 Rg5 23. Nf3 Rh5 24. Ne4 Qc7 25. Nh2 Rh4 26. Nxf6+ gxf6 27. Ng4 Bc6 28. Nxf6+ Kh8 29. Qc3 Qe5 30. Qxe5 Nxe5 31. b5 axb5 32. cxb5 Be8 33. a4 Rf4 34. Nxe8 Rxe8 35. a5 Re4 36. Kf1 Kg7 37. a6 bxa6 38. bxa6 Rb4 39. g3 Kf6 40. a7 Ra8 41. f4 Nc6 42. Bf3 Rb6 43. Rd7 Rxa7 44. Rdxa7 Nxa7 45. Rxa7 Rb2 46. Be2 h6 47. Bh5 e5 1-0

[Event "Asia-ch (Women) 10th"]
[Site "Calicut"]
[Date "2003.08.23"]
[Round "7"]
[White "Karavade, Eesha"]
[Black "Lakshmi, Priya TT"]
[Result "1-0"]
[WhiteElo "2218"]
[BlackElo "2005"]
[PlyCount "78"]
[EventDate "2003.08.17"]
[EventType "swiss"]
[EventRounds "9"]
[EventCountry "IND"]
[SourceTitle "CBM 095 Extra"]
[Source "ChessBase"]
[SourceDate "2003.09.04"]
[SourceVersion "1"]
[SourceVersionDate "2003.09.04"]
[SourceQuality "1"]

1. Nf3 Nf6 2. g3 g6 3. Bg2 Bg7 4. 0-0 0-0 5. c4 d6 6. d4 Nbd7 7. Nc3 e5 8. e4 c6 9. b3 Re8 10. Bb2 Qc7 11. Re1 exd4 12. Nxd4 Nc5 13. Qd2 a5 14. Rab1 Bd7 15. a3 Rad8 16. b4 Ne6 17. Nc2 Bc8 18. h4 Ng4 19. Qd1 h5 20. Na2 Qb6 21. Rf1 Bxb2 22. Rxb2 Ne5 23. Ne3 Nd4 24. Rd2 c5 25. Nd5 Qa7 26. Nf6+ Kf8 27. Nxe8 Bg4 28. f3 Nexf3+ 29. Bxf3 Nxf3+ 30. Rxf3 cxb4+ 31. Kg2 Rxe8 32. Qf1 Bxf3+ 33. Qxf3 Qc5 34. Rf2 Qxc4 35. axb4 axb4 36. Nxb4 Rxe4 37. Nd3 Re7 38. Nf4 Ke8 39. Nd5 b6 1-0

[Event "Asia-ch (Women) 10th"]
[Site "Calicut"]
[Date "2003.08.18"]
[Round "2"]
[White "Lakshmi, Priya TT"]
[Black "Swati, Ghate"]
[Result "0-1"]
[WhiteElo "2005"]
[BlackElo "2299"]
[PlyCount "64"]
[EventDate "2003.08.17"]
[EventType "swiss"]
[EventRounds "9"]
[EventCountry "IND"]
[SourceTitle "CBM 095 Extra"]
[Source "ChessBase"]
[SourceDate "2003.09.04"]
[SourceVersion "1"]
[SourceVersionDate "2003.09.04"]
[SourceQuality "1"]

1. c4 e5 2. Nc3 Nf6 3. g3 d5 4. cxd5 Nxd5 5. Bg2 Nb6 6. d3 Be7 7. Nf3 Nc6 8. 0-0 0-0 9. a3 Be6 10. b4 a5 11. b5 Nd4 12. Nxd4 exd4 13. Na4 Bd5 14. Nxb6 cxb6 15. Bb2 Bxg2 16. Kxg2 Qd5+ 17. Kg1 Bc5 18. Rc1 Rfe8 19. Qd2 Re6 20. Rfe1 Rae8 21. Rc4 h5 22. Rc2 h4 23. Qf4 h3 24. f3 Rf6 25. Qg4 Rxf3 26. Qxh3 Rxd3 27. exd3 Rxe1+ 28. Kf2 Re3 29. Qc8+ Bf8 30. Qg4 Rxd3 31. a4 Qh1 32. Qh3 Qf3+ 0-1